| 000 | 00821nam a2200217 a 4500 | ||
|---|---|---|---|
| 001 | BRCA_3522 | ||
| 005 | 20190320204323.0 | ||
| 008 | 260709s1927----sp-a---###---#000-0#spa-# | ||
| 041 | _aspa | ||
| 044 | _asp | ||
| 050 | 4 |
_aF1230 _b.T66 1927 |
|
| 100 | 1 |
_aTomas de San Rafael, Fray. _99150 |
|
| 245 | 1 | 0 |
_aHistoria de la conquista, población y progresos de Nueva España, segunda parte en continuación de la historia del inmortal cronista D. Antonio de Solís _cpor el P. Fr. Tomas de S. Rafael, carmelita descalzo. |
| 260 |
_aValencia _bTip del Carmen _c1927 |
||
| 300 |
_axxii, 522 p. _bil. _c22 cm. |
||
| 500 | _aObra inédita escrita en 1788 publicada por Francisco Orozco y Jiménez, arzobispo de Guadalajara en 1927. | ||
| 500 | _aB126 | ||
| 651 | 4 |
_aMéxico _xHistoria. _9614 |
|
| 902 | _aGFM | ||
| 942 |
_2lcc _cB |
||
| 999 |
_c3257 _d3257 |
||